000 00489nam a2200181Ia 4500
005 20250508150853.0
008 008 250505s9999 xx 000 0 hin d
037 _aTextual
040 _aFEDL
_beng
_cFEDL
041 _ahin
_2eng
084 _a891.43, TAG
_qFEDL
100 _aTagore Ravinder Nath
245 0 _aRavinder sahitya. Pat 20
260 _aCulcutta, India
_bHindi Granthagar
300 _a128p.
942 _cTEXL
_h891.43, TAG
999 _c1326220
_d1326220